Central Library OPAC University of Rajshahi

The labour theory of value in Karl Marx / (Record no. 59377)

MARC details
000 -LEADER
fixed length control field 00841nam a2200265 a 4500
001 - CONTROL NUMBER
control field 59377
003 - CONTROL NUMBER IDENTIFIER
rucl marc code BD-RjUL
005 - DATE AND TIME OF LATEST TRANSACTION
control field 20211209080725.0
008 - FIXED-LENGTH DATA ELEMENTS--GENERAL INFORMATION
fixed length control field 161224s1923 enk 001 0beng d
035 ## - SYSTEM CONTROL NUMBER
System control number (BD-RjUL)59501
040 ## - CATALOGING SOURCE
Original cataloging agency BD-RjUL
Language of cataloging eng
Transcribing agency BD-RjUL
Modifying agency BD-RjUL
041 ## - LANGUAGE CODE
Language code of text/sound track or separate title eng
082 ## - DEWEY DECIMAL CLASSIFICATION NUMBER
Edition number 23
Classification number 335.4
Author mark and year JOL 1923
100 1# - MAIN ENTRY--PERSONAL NAME
Personal name Joseph, H. W. B.
Fuller form of name (Horace William Brindley),
Dates associated with a name 1867-1943.
9 (RLIN) 176608
245 14 - TITLE STATEMENT
Title The labour theory of value in Karl Marx /
Statement of responsibility, etc. by H.W.B. Joseph.
246 14 - VARYING FORM OF TITLE
Title proper/short title Karl Marx's theory of value.
Title proper/short title Theory of Value.
260 ## - PUBLICATION, DISTRIBUTION, ETC. (IMPRINT)
Place of publication, distribution, etc. London :
Name of publisher, distributor, etc. Oxford University Press,
Date of publication, distribution, etc. 1923.
300 ## - PHYSICAL DESCRIPTION
Pagination 176 p. ;
Size 20 cm
500 ## - GENERAL NOTE
General note Includes index
600 10 - SUBJECT ADDED ENTRY--PERSONAL NAME
Personal name Marx, Karl,
Dates associated with a name 1818-1883
General subdivision Criticism and interpretation.
650 #0 - SUBJECT ADDED ENTRY--TOPICAL TERM
Topical term or geographic name as entry element Labor theory of value
9 (RLIN) 176610
942 ## - ADDED ENTRY ELEMENTS (KOHA)
Source of classification or shelving scheme Dewey Decimal Classification
Koha item type Books
Holdings
Lost status Source of classification or shelving scheme Damaged status Not for loan Collection code Permanent Location Current Location Shelving location Date acquired Source of acquisition Cost, normal purchase price Total Checkouts Full call number Date last seen Copy number Koha item type
  Dewey Decimal Classification   Not For Loan Non-fiction Central Library, University of Rajshahi Central Library, University of Rajshahi Reading Room 09/11/1961 Anwar iqbal qureshi 0.00   335.4 JOL 1923 24/12/2016 C-1 Books